Miasta w Ontario - quiz na mapie - Statystyki

Ogólne statystyki
  • Ten quiz został rozwiązany 10 razy
  • Średni wynik to 5 z 13
Odpowiedzi na mapie
Odpowiedzi zakodowano w zielono-czerwonej skali na mapie do tego quizu, zgodnie z poniższymi procentami.
 
Statystyki odpowiedzi
Odpowiedź % Poprawnych
Toronto
90%
Ottawa
60%
Thunder Bay
60%
Hamilton
50%
Londyn
50%
Niagara Falls
40%
Sudbury
30%
Barrie
20%
Kingston
20%
Kitchener
20%
Windsor
20%
Sault Ste. Marie
10%
Timmins
10%
Nie znaleziono quizów pasujących do podanych kryteriów
Rozkład punktacji
Procent ludzi z każdym wynikiem
Percentyl według liczby udzielonych odpowiedzi
Twoja historia wyników
Nie rozwiązałeś tego quizu